Praxis cristiana
Uloženo v:
| Hlavní autor: | |
|---|---|
| Další autoři: | , , , , |
| Médium: | Kniha |
| Jazyk: | španělština |
| Vydáno: |
Madrid, España
Paulinas
1980
|
| Témata: | |
| Tagy: |
Přidat tag
Žádné tagy, Buďte první, kdo vytvoří štítek k tomuto záznamu!
|
MARC
| LEADER | 00000cam a2200000 a 4500 | ||
|---|---|---|---|
| 001 | UCL2237 | ||
| 003 | CL-VaPUC | ||
| 005 | 20241018085851.0 | ||
| 008 | 031017e19800000SP |||||||||||||||||spa|d | ||
| 999 | |c 305588 |d 305586 | ||
| 020 | |a 8428508186 | ||
| 020 | |a 8428511217 | ||
| 020 | |a 842850847X | ||
| 040 | |c Pontificia Universidad Católica de Valparaíso | ||
| 082 | 0 | 4 | |a 241 RIN 1980 |2 21 |
| 100 | 0 | |a Rincón Orduña, Raimundo |9 479280 | |
| 245 | 1 | 0 | |a Praxis cristiana |
| 260 | 0 | 3 | |a Madrid, España |b Paulinas |c 1980 |
| 300 | |a 3 volúmenes. | ||
| 505 | |a v.1: fundamentación. v.2: opción por la vida y el amor. v.3: opción por la justicia y la libertad. | ||
| 583 | |a last modification |c 20170905 11:31:44 |k Rodrigo Vera | ||
| 650 | 0 | |a Teología moral |9 256617 | |
| 650 | 0 | |a Ética |9 255099 | |
| 650 | 0 | |a Comportamiento moral |9 334569 | |
| 650 | 0 | |a Moral |9 265913 | |
| 650 | 0 | |a Problemas sociales |9 258537 | |
| 650 | 0 | |a Economía |9 255568 | |
| 650 | 0 | |a Aborto |9 256680 | |
| 650 | 7 | |a SEXUALIDAD HUMANA |2 CL-VaPUC |9 395306 | |
| 650 | 7 | |a ETICA SEXUAL |2 CL-VaPUC |9 479286 | |
| 650 | 0 | |a Reproducción humana |9 257469 | |
| 650 | 0 | |a Genética |9 259443 | |
| 650 | 7 | |a EUGENESIA |2 CL-VaPUC |9 256404 | |
| 700 | |a Mora Bartrés, Gaspar |e autor |9 479288 | ||
| 700 | |a López Azpitarte, Eduardo |e autor |9 522950 | ||
| 700 | 0 | |a Camacho, Ildefonso |9 479283 | |
| 700 | |a Higuera, Gonzalo |9 479284 | ||
| 700 | 0 | |a Elizari Basterra, F. J |9 479285 | |
| 942 | |c BK |2 ddc | ||
| 945 | |d 20031017 00:00:00 |a vberengu | ||
| 952 | |0 0 |1 0 |2 ddc |4 0 |6 241_000000000000000_RIN_1980 |7 0 |8 A |9 369699 |a BIBTEO |b BIBTEO |d 2019-11-21 |h v.1 |i 2080869 |o 241 RIN 1980 |p 2080869 |r 2025-01-17 |t 1 |w 2019-11-21 |y BK |k ICR | ||
| 952 | |0 0 |1 0 |2 ddc |4 0 |6 241_000000000000000_RIN_1980 |7 0 |8 A |9 369700 |a BIBTEO |b BIBTEO |d 2019-11-21 |h v.2 |i 2080958 |o 241 RIN 1980 |p 2080958 |r 2025-01-17 |t 1 |w 2019-11-21 |y BK |k ICR | ||
| 952 | |0 0 |1 0 |2 ddc |4 0 |6 241_000000000000000_RIN_1980 |7 0 |8 A |9 369701 |a BIBTEO |b BIBTEO |d 2019-11-21 |h v.3 |i 2080877 |o 241 RIN 1980 |p 2080877 |r 2025-01-17 |t 2 |w 2019-11-21 |y BK |k ICR | ||
| 952 | |0 0 |1 0 |2 ddc |4 0 |6 241_000000000000000_RIN_1980 |7 0 |8 A |9 369702 |a BIBTEO |b BIBTEO |d 2019-11-21 |h v.1 |i 4244966 |o 241 RIN 1980 |p 4244966 |r 2025-01-17 |t 2 |w 2019-11-21 |y BK |k ICR | ||
| 952 | |0 0 |1 0 |2 ddc |4 0 |6 241_000000000000000_RIN_1980 |7 0 |8 A |9 369703 |a BIBTEO |b BIBTEO |d 2019-11-21 |h v.2 |i 4244974 |o 241 RIN 1980 |p 4244974 |r 2025-01-17 |t 2 |w 2019-11-21 |y BK |k ICR | ||